| 000 | 00628nam a22002177a 4500 | ||
|---|---|---|---|
| 003 | OSt | ||
| 005 | 20160408140817.0 | ||
| 008 | 160408b xxu||||| |||| 00| 0 eng d | ||
| 020 | _a9780323089494 | ||
| 040 | _cDNLM | ||
| 082 | _aQY25 P141m 2014 | ||
| 100 |
_aPagana, Katheleen Deska; Pagana, Timoth J. _97592 |
||
| 245 | _aMosby's Manual of Diagnostic and Laboratory Tests | ||
| 250 | _a5th ed. | ||
| 260 | _aMissouri; Mosby, 2014 | ||
| 300 | _axx,1180p; col.ill: 24cm | ||
| 504 | _aBibliography, appendix & index included | ||
| 650 |
_aLaboratory Tests _97593 |
||
| 650 |
_aDiagnostic Tests _97594 |
||
| 942 |
_2z _cO_SHELF |
||
| 999 |
_c3404 _d3404 |
||